I'm a little teapot : and other action rhymes

Bibliographic Details
Other Authors: Straw, Wendy
Format: Book
Published: Australia : Brolly Books , 2011
Subjects:

MARC

LEADER 00000cam a2200000 7i4500
001 0000034353
005 20220105104126.0
008 121003
020 |a 1921756467 
090 0 0 |a JF   |b NS ENG 
245 1 0 |a I'm a little teapot :   |b and other action rhymes   |c illustrated by Wendy Straw 
260 |a Australia :   |b Brolly Books ,   |c 2011 
500 |a Children age 4-6 years old (yellow) 
650 0 |a Nursery rhymes   |x Juvenile literature 
650 0 |a Songs and rhymes   |x Juvenile literature 
700 1 |a Straw, Wendy 
999 |a 0001158712   |b Book   |c Children Collection   |e Cawangan Mersing